1704 1219 1614 1629 1851 1383 1502 1444 1382 1274 1021 1283 1118 1320 1601 1569 1490 1985 1832 1957 1044 1604 1282 1001 1266 1221 1794 1208 1582 1653 1254 1488 1009 1848 1086 1524 1143 1677 1175 1090 1955 1730 1815 1660 1467 1579 1535 1466 1539 1386 1117 1756 1036 1687 1110 1653 1087 1813 1320 1299 1785 1509 1946 1864 1288 1109 1159 1667 1297 1408 1130 1472 1443 1121 1757 1551 1299 1861 1034 1729 1975 1729 1703 1329 1750 1407 1798 1099 1164 1005 1642 1462 1617 1185 1046 1975 1753 1153 1098 BCNSPRNW ULIB Ver.6.0+V

เปลี่ยนเป็นภาษาไทย

Change to English
 แสดงรายละเอียดบรรณานุกรม
  กลับหน้าหลัก

Brief Record : Get Marc (ISO 2709) : E-mail record : QR code < ปิดหน้าต่าง
LEADER : 00000nam 2200000uu 4500
001    13399112860
003     ULIB
008    110914s2551||||th 000 0 tha d
020    9789740434320
090    นว.^bO983ป 2551
100 0  Oresia
245     ปรากฎการณ์รักหมดหัวใจ/^cOresia
250    พิมพ์ครั้งที่ 1
260    กรุงเทพฯ :^bแจ่มใส,^c2551
300    287 หน้า
710 1  แจ่มใส
945    ^p199^l0^i15030
995    กัณชพร
999     ^aใช้งานได้ทุกระบบ
รายการนี้ยังไม่มีแท็ก
คุณยังไม่ได้ล็อกอิน คุณสามารถมีกิจกรรมร่วมกับเว็บไซต์ได้ แต่ต้องล็อกอินก่อน ::
  ล็อกอิน

รายการสื่อสารสนเทศ

ลำดับที่ ประเภท เลขเรียก/บาร์โค้ด สถานที่ สถานะ
1. นวนิยาย
นวนิยาย
นว. O983ป 2551  
  Barcode: 15030
ห้องสมุดวิทยาเขตสวรรค์ประชารักษ์
►นวนิยาย
บนชั้น
  ขอยืม

รายการใกล้เคียง
    ผู้แต่ง [Oresia]

BibComment


ยังไม่เคยถูกคอมเมนท์

คอมเมนท์ทรัพยากรรายการนี้
  คอมเมนท์: ปรากฎการณ์รักหมด..


 Copyright 2026. Bcnsprnw @Library